Catálogo público

Disco de información oportuna del sector alimentario (Record no. 83856)

MARC details
000 -CABECERA
campo de control de longitud fija 01535cam a22003737a 4500
003 - IDENTIFICADOR DEL NÚMERO DE CONTROL
campo de control CHAP
005 - FECHA Y HORA DE LA ÚLTIMA TRANSACCIÓN
campo de control 20220329142450.0
008 - DATOS DE LONGITUD FIJA--INFORMACIÓN GENERAL
campo de control de longitud fija 010330d2001 mx r 00110 spa d
010 ## - NÚMERO DE CONTROL DE LA BIBLIOTECA DEL CONGRESO
Número de control de LC 83856
011 ## - ENLACE DEL NUMERO DE CONTROL DE LA BIBLIOTECA DEL CONGRESO [OBSOLETO]
Número de control de LC 84828
022 ## - NÚMERO INTERNACIONAL NORMALIZADO PARA PUBLICACIONES SERIADAS
Número Internacional Normalizado para Publicaciones Seriadas 1405-2202
035 ## - NÚMERO DE CONTROL DEL SISTEMA
Número de control de sistema 95354
040 ## - FUENTE DE LA CATALOGACIÓN
Centro/agencia transcriptor CHAP
090 ## - LOCALMENTE ASIGNADO TIPO-LC NÚMERO DE CLASIFICACIÓN (OCLC); NÚMERO DE CLASIFICACIÓN LOCAL (RLIN)
Número de clasificación (OCLC) (R) ; Numero de clasificación, CALL (RLIN) (NR) DF-2
110 ## - ENTRADA PRINCIPAL--NOMBRE DE ENTIDAD CORPORATIVA
Nombre de entidad corporativa o nombre de jurisdicción como elemento de entrada Instituto Nacional de Estadística, Geografía e Informática. México
9 (RLIN) 59304
245 10 - MENCIÓN DE TÍTULO
Título Disco de información oportuna del sector alimentario
Medio [Disco flexible]
Mención de responsabilidad, etc. /por Instituto Nacional de Estadística, Geografía e Informática
260 ## - PUBLICACIÓN, DISTRIBUCIÓN, ETC.
Lugar de publicación, distribución, etc. Aguascalientes, Ags. :
Nombre del editor, distribuidor, etc. Instituto Nacional de Estadística Geografía e Informática,
Fecha de publicación, distribución, etc. 2001.
300 ## - DESCRIPCIÓN FÍSICA
Extensión v.
Dimensiones 31/2 plg. + instructivo
500 ## - NOTA GENERAL
Nota general La biblioteca tiene: v.179. -- v.180.-- v.181.-- v.182.-- v.183
590 ## - NOTA LOCAL (RLIN)
Nota local BATCH-UPD
Procedencia (VM) [OBSOLETO] 10
Condición del los carretes individuales (VM) [OBSOLETO] 20130110
-- UCH01
-- 1445
590 ## - NOTA LOCAL (RLIN)
Nota local BATCH-UPD
Procedencia (VM) [OBSOLETO] 10
Condición del los carretes individuales (VM) [OBSOLETO] 20130410
-- UCH01
-- 0915
590 ## - NOTA LOCAL (RLIN)
Nota local BATCH-UPD
Procedencia (VM) [OBSOLETO] 10
Condición del los carretes individuales (VM) [OBSOLETO] 20130914
-- UCH01
-- 0200
590 ## - NOTA LOCAL (RLIN)
Nota local CONVERSION
Procedencia (VM) [OBSOLETO] 10
Condición del los carretes individuales (VM) [OBSOLETO] 20130109
-- UCH01
-- 1347
650 14 - PUNTO DE ACCESO ADICIONAL DE MATERIA--TÉRMINO DE MATERIA
Término de materia o nombre geográfico como elemento de entrada Alimentos
Subdivisión general Estadísticas.
9 (RLIN) 4219
650 14 - PUNTO DE ACCESO ADICIONAL DE MATERIA--TÉRMINO DE MATERIA
Término de materia o nombre geográfico como elemento de entrada Cultivos
Subdivisión general Rendimiento.
9 (RLIN) 30318
780 00 - ENLACE A UN TÍTULO/ENTRADA ANTERIOR
Título DIOSA : disco de información oportuna del sector alimentario
901 ## - ELEMENTOS DE DATOS A LOCAL LDA (RLIN)
a BK
942 ## - ELEMENTOS DE PUNTO DE ACCESO ADICIONAL (KOHA)
Tipo de ítem Koha CD
949 ## - PROCESAMIENTO DE INFORMACIÓN LOCAL (OCLC)
a DF-2
b BC
c CD
d 33724002316710
e CD
f v.182
i 95354
s b
949 ## - PROCESAMIENTO DE INFORMACIÓN LOCAL (OCLC)
a DF-2
b BC
c CD
d 33724002316743
e CD
f v.183
g DonaciØn
i 95354
s b
949 ## - PROCESAMIENTO DE INFORMACIÓN LOCAL (OCLC)
a DF-2
b BC
c CD
d 33724002316751
e CD
f v.181
i 95354
s b
949 ## - PROCESAMIENTO DE INFORMACIÓN LOCAL (OCLC)
a DF-2
b BC
c CD
d 33724002316785
e CD
f v.179
i 95354
s b
949 ## - PROCESAMIENTO DE INFORMACIÓN LOCAL (OCLC)
a DF-2
b BC
c CD
d 33724002316793
e CD
f v.180
i 95354
s b
Holdings
Estado de retiro Estado de pérdida Estado dañado Restricciones de uso No para préstamo Código de colección Localización permanente Ubicación/localización actual Fecha de adquisición Fuente de adquisición Información codificada de la localización en otra ubicación Total de préstamos Signatura topográfica completa Código de barras Fecha visto por última vez Número de copia Precio válido a partir de Tipo de ítem Koha Nota pública
      Préstamo interno2 Excluido de préstamo Material multimedia Biblioteca Central Biblioteca Central 17/12/2012 Donacion CD   DF-2 33724002316710 31/12/2019 v.182 31/12/2019 CD Recien adquirido
      Préstamo interno2 Excluido de préstamo Material multimedia Biblioteca Central Biblioteca Central 17/12/2012   CD   DF-2 33724002316751 31/12/2019 v.181 31/12/2019 CD Recien adquirido
      Préstamo interno2 Excluido de préstamo Material multimedia Biblioteca Central Biblioteca Central 17/12/2012   CD   DF-2 33724002316785 31/12/2019 v.179 31/12/2019 CD Recien adquirido
      Préstamo interno2 Excluido de préstamo Material multimedia Biblioteca Central Biblioteca Central 17/12/2012   CD   DF-2 33724002316793 31/12/2019 v.180 31/12/2019 CD Recien adquirido
      Préstamo interno2 Excluido de préstamo Material multimedia Biblioteca Central Biblioteca Central 17/12/2012   CD   DF-2 33724002316743 31/12/2019 v.183 31/12/2019 CD Recien adquirido